| 000 | 00563nam a2200157Ia 4500 | ||
|---|---|---|---|
| 008 | 151213s9999 xx 000 0 und d | ||
| 100 | _aমনসূর মূসা। | ||
| 245 |
_aপ্রায়োগিক ভাষা তত্ত্বের রূপরেখা। _cমনসূর মূসা। |
||
| 250 | _a১ম সং | ||
| 260 |
_aঢাকা _bগ্লোভ লাইব্রেরী। _c2000 |
||
| 300 | _a4501 p. | ||
| 650 | _aBangla | ||
| 650 | _aব্যকরণ | ||
| 700 | _aমনসূর মূসা। | ||
| 999 |
_c2876 _d2876 |
||